书目信息 |
| 题名: |
数据采集与处理
|
|
| 作者: | 王正光 , 李伯成 , 周忠英 , 侯伯亨 编 | |
| 分册: | ||
| 出版信息: | 北京 国防工业出版社 1985 |
|
| 页数: | 267页 | |
| 开本: | 26cm | |
| 丛书名: | ||
| 单 册: | ||
| 中图分类: | TM930.9 | |
| 科图分类: | ||
| 主题词: | 电气测量 , 电工仪表 | |
| 电子资源: | ||
| ISBN: | ||
| 000 | 00619nam0 2200241 45 | |
| 001 | 0405210888 | |
| 005 | 20060515154623.67 | |
| 010 | @dCNY3.15 | |
| 091 | @a15034.2863 | |
| 100 | @a20040521d1985 km y0chiy0120 ea | |
| 101 | 0 | @achi |
| 200 | 1 | @a数据采集与处理@AShu Ju Cai Ji Yu Chu Li@f王正光等编@FWang Zheng Guang Deng Bian |
| 210 | @a北京@c国防工业出版社@d1985 | |
| 215 | @a267页@d26cm | |
| 606 | 0 | @a电气测量 |
| 606 | 0 | @a电工仪表 |
| 690 | @aTM930.9@v3 | |
| 701 | 0 | @a王正光@4编 |
| 701 | 0 | @a李伯成@4编 |
| 701 | 0 | @a周忠英@4编 |
| 701 | 0 | @a侯伯亨@4编 |
| 801 | @aCN@bTSTCL@c20060515 | |
| 905 | @dTM930.9@e47 | |
| 数据采集与处理/王正光等编.-北京:国防工业出版社,1985 |
| 267页;26cm |
| ISBN :CNY3.15 |
| ● |
| 相关链接 |
|
|
|
|
正题名:数据采集与处理
索取号:TM930.9/47
 
预约/预借
| 序号 | 登录号 | 条形码 | 馆藏地/架位号 | 状态 | 备注 |
| 1 | 0161425 | 202294971 | 密集书库/ [索取号:TM930.9/47] | 在馆 | |
| 2 | 0161426 | 202295015 | 密集书库/ [索取号:TM930.9/47] | 在馆 | |
| 3 | 0161427 | 202354683 | 密集书库/ [索取号:TM930.9/47] | 在馆 | |
| 4 | 0161428 | 001347199 | 第三借阅区/ [索取号:TM930.9/47] | 在馆 | |
| 5 | 0161429 | 001347233 | 密集书库/ [索取号:TM930.9/47] | 在馆 | |
| 6 | 0161430 | 202354594 | 密集书库/ [索取号:TM930.9/47] | 在馆 | |
| 7 | 0161431 | 001347117 | 第三借阅区/ [索取号:TM930.9/47] | 在馆 | |
| 8 | 0161432 | 001347153 | 密集书库/ [索取号:TM930.9/47] | 在馆 | |
| 9 | 0161433 | 202294935 | 密集书库/ [索取号:TM930.9/47] | 在馆 | |
| 10 | 0161434 | 202107424 | 第二样本阅览室/ [索取号:TM930.9/47] | 在馆 |